|
|
|
|
| LEADER |
00000nab a2200000 a 4500 |
| 001 |
vtls000915125 |
| 003 |
SK-MaSNL |
| 005 |
20260304210202.0 |
| 008 |
040720e19921026xo 0 slo |
| 035 |
|
|
|a KE24012
|
| 040 |
|
|
|a KEVKJB
|b slo
|c KEVKJB
|e AACR2
|
| 041 |
0 |
|
|a slo
|
| 044 |
|
|
|a xo
|c SK
|
| 080 |
|
|
|a 264
|2 1981
|
| 080 |
|
|
|a 262.1
|2 1981
|
| 100 |
0 |
|
|a (jk)
|4 aut
|9 845332
|
| 245 |
1 |
0 |
|a Svätenie v Dóme
|
| 518 |
|
|
|a 24.10.1992
|
| 610 |
2 |
7 |
|a Dóm sv. Alžbety (Košice, Slovensko)
|2 KEVKJB
|9 34070
|
| 610 |
2 |
7 |
|a Katolícka cirkev
|2 KEVKJB
|9 206702
|
| 650 |
0 |
7 |
|a svätenie lektorov
|2 KEVKJB
|9 1541073
|
| 650 |
0 |
7 |
|a svätenie akolitov
|2 KEVKJB
|9 30999
|
| 650 |
0 |
7 |
|a správy
|2 KEVKJB
|9 276219
|
| 651 |
|
7 |
|a KE,
|2 KEVKJB
|9 877256
|
| 655 |
|
7 |
|a periodikum
|2 snkbucl
|9 29553
|
| 710 |
2 |
|
|a Dóm sv. Alžbety (Košice, Slovensko)
|4 aut
|9 34070
|
| 773 |
0 |
8 |
|t Slovenský východ
|g Roč. 2
|g Roč. 20, č.253, 26.10.1992, s. 2
|
| 852 |
|
|
|a ZVYKNI
|b KIS3GCP
|
| 999 |
|
|
|c 3124921
|d 3126851
|